[Event "Cap d'Agde"]
[Site "Cap d'Agde"]
[Date "1994.??.??"]
[Round "7.4"]
[White "Karpov, Anatoly"]
[Black "Gelfand, Boris"]
[Result "1/2-1/2"]
[WhiteElo "2780"]
[BlackElo "2680"]
[PlyCount "62"]
[EventDate "1994.10.??"]
[Source "ChessBase"]

1. d4 Nf6 2. Nf3 g6 3. Bf4 Bg7 4. e3 d6 5. c3 O-O 6. Be2 c5 7. O-O Qb6 8. Nbd2 Be6 9. Ng5 Bd7 10. Nc4 Qc7 11. h3 h6 12. Nf3 Bf5 13. Bh2 Nbd7 14. a4 Rad8 15. a5 Be6 16. Qa4 Qc6 17. Nfd2 Bd5 18. f3 Qxa4 19. Rxa4 Rc8 20. Raa1 Bc6 21. a6 b6 22. Na3 Nd5 23. e4 Ne3 24. d5 Nxf1 25. Bxf1 Ba4 26. Bb5 Bxb5 27. Nxb5 Ra8 28. Nc7 Rac8 29. Nb5 Ra8 30. Nc7 Rac8 31. Nb5 Ra8 1/2-1/2

[Event "Etoiles"]
[Site "Etoiles"]
[Date "1994.??.??"]
[Round "?"]
[White "Karpov, Anatoly"]
[Black "Gelfand, Boris"]
[Result "1/2-1/2"]
[WhiteElo "2740"]
[BlackElo "2685"]
[PlyCount "62"]
[EventDate "1994.??.??"]
[Source "www.chesslib.no"]
[SourceDate "2004.05.04"]

1. d4 Nf6 2. Nf3 g6 3. Bf4 Bg7 4. e3 d6 5. c3 O-O 6. Be2 c5 7. O-O Qb6 8. Nbd2 Be6 9. Ng5 Bd7 10. Nc4 Qc7 11. h3 h6 12. Nf3 Bf5 13. Bh2 Nbd7 14. a4 Rad8 15. a5 Be6 16. Qa4 Qc6 17. Nfd2 Bd5 18. f3 Qxa4 19. Rxa4 Rc8 20. Raa1 Bc6 21. a6 b6 22. Nb3 Nh5 23. Nxc5 Ndf6 24. Nxd6 Nh7 25. Nb5 Be4 26. Nb7 Rc6 27. b3 Rxc3 28. Nd8 Rc2 29. Nb7 Rc1 30. Nc5 Rb1 31. Nd3 Rd1 1/2-1/2

[Event "Alma-Ata m2"]
[Site "Alma Ata KAZ"]
[Date "1995.??.??"]
[Round "?"]
[White "Karpov, Anatoly"]
[Black "Tkachiev, Vladislav"]
[Result "0-1"]
[WhiteElo "2765"]
[BlackElo "2575"]
[PlyCount "78"]
[EventDate "1995.??.??"]
[Source "www.chesslib.no"]
[SourceDate "2004.05.04"]

1. d4 Nf6 2. Nf3 g6 3. Bf4 Bg7 4. e3 O-O 5. Nbd2 d6 6. h3 Nfd7 7. c3 e5 8. Bh2 Nc6 9. Bb5 Qe8 10. Bxc6 bxc6 11. dxe5 dxe5 12. Qa4 Nc5 13. Qc4 Qe7 14. b4 Na4 15. Qxc6 Bd7 16. Qc4 e4 17. Nxe4 Be6 18. Qc6 Bd7 19. Qc4 Bf5 20. Nfd2 Rfe8 21. Ng3 Be6 22. Qe2 Nxc3 23. Qf3 Rad8 24. Nb3 Bd5 25. Qg4 Bxg2 26. Rg1 Be4 27. Nxe4 Nxe4 28. Rc1 Qxb4+ 29. Kf1 Qb5+ 30. Kg2 c5 31. Rgd1 Rxd1 32. Qxd1 c4 33. Nd4 Qd7 34. f3 Ng5 35. h4 Qh3+ 36. Kg1 Qxh4 37. Rxc4 Rd8 38. e4 Bxd4+ 39. Rxd4 Rxd4 0-1

[Event "Monaco"]
[Site "Monaco MNC"]
[Date "1993.??.??"]
[Round "?"]
[White "Karpov, Anatoly"]
[Black "Polgar, Judit"]
[Result "0-1"]
[WhiteElo "2725"]
[BlackElo "2595"]
[PlyCount "57"]
[EventDate "1993.??.??"]
[Source "www.chesslib.no"]
[SourceDate "2004.05.04"]

1. d4 Nf6 2. Nf3 g6 3. Bf4 Bg7 4. c3 O-O 5. h3 c5 6. e3 b6 7. a4 Bb7 8. Be2 d6 9. O-O Nbd7 10. a5 bxa5 11. Qa4 Ne4 12. Qxa5 cxd4 13. cxd4 Nb6 14. Bh2 Qd7 15. Nc3 Nxc3 16. bxc3 Rfc8 17. Nd2 e5 18. Ra3 Qe6 19. Rd1 h5 20. Bf1 Qf5 21. Qb4 Qc2 22. Be2 Nc4 23. Raa1 Nxd2 24. Qxb7 Ne4 25. Rdc1 Qxe2 26. Qxe4 Qc4 27. Bg3 a5 28. Qb1 a4 29. Rxa4 0-1

[Event "Palace Hotel GM"]
[Site "Heviz HUN"]
[Date "2008.03.25"]
[Round "7"]
[White "Vallejo Pons, F."]
[Black "Mikhalevski, V."]
[Result "1/2-1/2"]
[WhiteElo "2675"]
[BlackElo "2632"]
[PlyCount "281"]
[EventDate "2008.03.18"]
[Source "www.chesslib.no"]
[SourceDate "2004.05.04"]

1. d4 Nf6 2. Nf3 g6 3. Bf4 Bg7 4. e3 O-O 5. Be2 d6 6. h3 b6 7. c4 Bb7 8. Nc3 Nbd7 9. O-O Ne4 10. Nxe4 Bxe4 11. Bh2 c5 12. Rc1 a5 13. d5 Bxf3 14. gxf3 b5 15. cxb5 Bxb2 16. Rc2 Bg7 17. h4 Nb6 18. h5 Rc8 19. Qd2 c4 20. Qxa5 c3 21. e4 Ra8 22. Qb4 Ra4 23. Qb3 Qa8 24. h6 Bxh6 25. Qxc3 Rc8 26. Qb3 Rxc2 27. Qxc2 Rxa2 28. Qc6 Qb8 29. Bd3 Ra7 30. Qc2 Rc7 31. Qe2 Rc3 32. Rd1 Qc7 33. Bg3 Qc5 34. Kg2 Qa3 35. e5 Qc5 36. exd6 exd6 37. Qe8+ Bf8 38. Be4 Rb3 39. Qd8 Rxb5 40. Bf4 Qc8 41. Qh4 Qd7 42. Be3 Bg7 43. Rc1 Nxd5 44. Bxd5 Rxd5 45. Qc4 Rh5 46. Qc8+ Qxc8 47. Rxc8+ Bf8 48. Rd8 Kg7 49. Bd4+ f6 50. Rd7+ Kg8 51. Bxf6 Rf5 52. Bc3 Rf7 53. Rd8 Rb7 54. f4 Kf7 55. Rc8 Rd7 56. Kf3 Bg7 57. Ba5 Bf6 58. Ke4 Ke6 59. Rc6 Rb7 60. Bd2 Bd8 61. Ra6 Bb6 62. Be3 Bc7 63. Ra8 Bb8 64. Ra6 h5 65. Ra5 Rb4+ 66. Kf3 Kf6 67. Rg5 Bc7 68. f5 gxf5 69. Rxh5 Bd8 70. Rh7 Be7 71. Bf4 Rd4 72. Rh6+ Kg7 73. Rh5 Rd5 74. Be3 Bf8 75. Rh4 Kg6 76. Rh1 Bg7 77. Ke2 Ra5 78. Rg1+ Kf7 79. Rb1 Ke6 80. Rb8 Ra2+ 81. Kf3 Ra3 82. Ke2 Ra4 83. Kf3 Bf6 84. Re8+ Kf7 85. Rb8 Be5 86. Rb7+ Ke6 87. Bg5 Ra3+ 88. Ke2 f4 89. f3 Ra2+ 90. Kf1 Rh2 91. Rb4 Kf5 92. Bd8 Rh8 93. Ba5 Rh1+ 94. Kg2 Rd1 95. Bb6 d5 96. Kf2 Rd2+ 97. Kf1 Ke6 98. Bf2 Bc7 99. Bd4 Ra2 100. Bf2 Kd7 101. Rb5 Kd6 102. Rb4 Kc6 103. Rb1 Rc2 104. Rd1 Be5 105. Re1 Kd6 106. Rd1 Bc3 107. Ba7 Rb2 108. Rd3 Rb7 109. Rxc3 Rxa7 110. Rc8 Ke5 111. Rf8 Ra1+ 112. Ke2 Ra2+ 113. Kf1 Rb2 114. Rf7 Rb6 115. Ke2 Rb3 116. Rf8 Rb2+ 117. Kf1 Kd4 118. Rxf4+ Ke3 119. Rf8 d4 120. Re8+ Kd3 121. Ra8 Kc2 122. Rc8+ Kd  123. Kf2 d3 124. f4 Kd1+ 125. Ke3 d2 126. Rd8 Rb3+ 127. Kf2 Rc3 128. f5 Ra3 129. Rd5 Rc3 130. Rd4 Rc8 131. Ke3 Ke1 132. Rxd2 Re8+ 133. Kd3 Rd8+ 134. Ke4 Kxd2 135. f6 Rf8 136. Kf5 Ke3 137. Kg6 Kf4 138. Kg7 Ra8 139. f7 Kg5 140. f8=Q Rxf8 141. Kxf8 1/2-1/2

[Event "Coupe de France Final"]
[Site "Paris"]
[Date "2004.06.19"]
[Round "1"]
[White "Apicella, Manuel"]
[Black "Svidler, Peter"]
[Result "1/2-1/2"]
[WhiteElo "2539"]
[BlackElo "2733"]
[PlyCount "121"]
[EventDate "2004.06.19"]
[Source "Roberto Alvarez"]
[SourceDate "2004.06.28"]

1. d4 Nf6 2. Nf3 g6 3. Bf4 Bg7 4. e3 O-O 5. Be2 c5 6. c3 b6 7. O-O Bb7 8. Nbd2 d6 9. h3 Nbd7 10. Bh2 a6 11. a4 cxd4 12. exd4 Bh6 13. Re1 Rc8 14. Bd3 Re8 15. Ne4 Nxe4 16. Bxe4 Bxe4 17. Rxe4 Nf6 18. Re2 b5 19. axb5 axb5 20. Qb3 Qb6 21. Rae1 e6 22. Nd2 Qc6 23. Nf1 Nd5 24. Ne3 Nxe3 25. fxe3 e5 26. e4 Qc4 27. Qxc4 bxc4 28. Kf2 f6 29. Rd1 Kf7 30. Kf3 Ke6 31. Bg1 f5 32. dxe5 dxe5 33. Be3 Bxe3 34. Kxe3 Red8 35. Red2 Rxd2 36. Rxd2 Rb8 37. exf5+ gxf5 38. g4 Rg8 39. gxf5+ Kxf5 40. Rf2+ Ke6 41. Ke4 Rg1 42. Rd2 Re1+ 43. Kf3 Rf1+ 44. Ke4 Rf4+ 45. Ke3 Rh4 46. Rh2 h6 47. Rh1 h5 48. Rh2 Kf5 49. Rf2+ Rf4 50. Rd2 Rf1 51. Rd8 Re1+ 52. Kf3 Rh1 53. Rf8+ Ke6 54. Re8+ Kd6 55. Rd8+ Ke7 56. Rh8 Rxh3+ 57. Ke4 Kf6 58. Rf8+ Kg5 59. Kxe5 Rh2 60. Ke4 Rd2 61. Rg8+ 1/2-1/2

[Event "New York USA"]
[Site "?"]
[Date "2004.11.09"]
[Round "4"]
[White "Kamsky Gata"]
[Black "Wojtkiewicz Aleksander"]
[Result "0-1"]
[WhiteElo "2717"]
[BlackElo "2539"]
[PlyCount "31"]
[EventDate "2004.??.??"]
[Source "www.chesslib.no"]
[SourceDate "2004.05.04"]

1. d4 Nf6 2. Nf3 g6 3. Bf4 c5 4. c3 cxd4 5. cxd4 Qb6 6. Nc3 Nd5 7. Nxd5 e5 8. dxe5 Qf6 9. Qb3 d6 10. Qb6 axb6 11. e3 Nc6 12. Bb5 Be6 13. Bg5 Bxd5 14. Bxc6+ Bxc6 15. O-O d5 16. h4 0-1

[Event "Tel Aviv 75/50"]
[Site "?"]
[Date "1999.??.??"]
[Round "?"]
[White "Alterman, Boris"]
[Black "Avrukh, Boris"]
[Result "0-1"]
[WhiteElo "2616"]
[BlackElo "2609"]
[PlyCount "68"]
[EventDate "1999.??.??"]
[Source "ChessBase"]
[SourceDate "1999.02.01"]

1. d4 Nf6 2. Nf3 g6 3. Bf4 Bg7 4. e3 d6 5. h3 O-O 6. Be2 Nfd7 7. O-O e5 8. Bh2 Nc6 9. c3 f5 10. Na3 e4 11. Nd2 Nf6 12. f3 Ne7 13. fxe4 fxe4 14. Qb3+ Kh8 15. c4 Be6 16. Nc2 b5 17. Qxb5 Rb8 18. Qa5 Rxb2 19. Qc3 Rb6 20. Rf2 h5 21. Raf1 Nf5 22. Qa3 h4 23. d5 Bd7 24. Nd4 Ng3 25. Re1 Qe7 26. Nf1 Nfh5 27. Rxf8+ Qxf8 28. Bxh5 Nxh5 29. Qc1 Qe7 30. Qc2 Rb8 31. Nd2 Re8 32. Ne2 Qg5 33. Nf4 Ng3 34. c5 Qxf4 0-1

[Event "URS-ch"]
[Site "?"]
[Date "1971.09.??"]
[Round "21"]
[White "Taimanov Mark E"]
[Black "Geller Efim P"]
[Result "1-0"]
[WhiteElo "2600"]
[BlackElo "2615"]
[PlyCount "67"]
[EventDate "1971.??.??"]
[Source "www.chesslib.no"]
[SourceDate "2004.05.04"]

1. d4 Nf6 2. Nf3 g6 3. Bf4 Bg7 4. Nbd2 O-O 5. c3 d5 6. e3 c5 7. dxc5 Bg4 8. Be2 Nbd7 9. Nb3 Rc8 10. O-O Nxc5 11. Nxc5 Rxc5 12. Be5 Qc8 13. Bd4 Rc7 14. h3 Bxf3 15. Bxf3 Rd8 16. a4 b6 17. a5 bxa5 18. Rxa5 e6 19. Qa1 Nd7 20. Bxg7 Kxg7 21. Rxa7 Rxa7 22. Qxa7 Qb8 23. Qd4+ Kg8 24. b4 Rc8 25. Be2 Ne5 26. Ra1 Qc7 27. Ra3 Nc6 28. Qd2 Rd8 29. b5 Ne5 30. Qd4 Nc4 31. Ra7 Qb8 32. Qc5 Rc8 33. Qe7 Nd6 34. Rd7 1-0

[Event "Extraliga 2004"]
[Site "Dzwirzyno"]
[Date "2004.??.??"]
[Round "?"]
[White "Macieja, Bartlomiej"]
[Black "Dydyshko, Viacheslav"]
[Result "1-0"]
[WhiteElo "2633"]
[BlackElo "2581"]
[PlyCount "129"]
[EventDate "2004.09.04"]
[Source "Roberto Alvarez"]
[SourceDate "2004.10.05"]

1. d4 Nf6 2. Nf3 g6 3. Bf4 Bg7 4. e3 d6 5. h3 c5 6. c3 b6 7. Bd3 Bb7 8. Nbd2 O-O 9. O-O Nbd7 10. Qe2 Qc7 11. Bh2 Rfe8 12. e4 e5 13. dxe5 dxe5 14. Ba6 Bc6 15. a4 Bh6 16. Rfe1 Re7 17. Bb5 Bb7 18. a5 bxa5 19. Ra2 Rb8 20. Bd3 Bc6 21. b3 Bf4 22. g3 Bh6 23. Rea1 a4 24. bxa4 c4 25. Bc2 Nc5 26. g4 Bf4 27. Re1 Nd3 28. Bxd3 cxd3 29. Qxd3 Rd8 30. Qc4 Qb7 31. Qb4 Rd3 32. Qxb7 Bxb7 33. c4 Nd7 34. a5 Nc5 35. Rb2 a6 36. Ra2 f6 37. Re2 Red7 38. Bxf4 exf4 39. Kh2 Rc3 40. Ne1 Ne6 41. f3 Nd4 42. Rf2 Nc6 43. Nc2 Rcd3 44. Ne1 Re3 45. Ng2 Nb4 46. Ra1 Nd3 47. Nxe3 fxe3 48. Rg2 Nf4 49. Nb3 Nxg2 50. Kxg2 f5 51. Nc5 Rd2+ 52. Kg3 Bc6 53. exf5 gxf5 54. Re1 e2 55. gxf5 Rc2 56. Nxa6 Rc3 57. Nb4 Bxf3 58. Kf2 Bh5 59. a6 Rf3+ 60. Kg1 Ra3 61. c5 Kf8 62. c6 Ke7 63. Nd5+ Kd6 64. c7 Kd7 65. Rc1 1-0

[Event "Israel 72/64"]
[Site "?"]
[Date "1998.??.??"]
[Round "?"]
[White "Alterman, Boris"]
[Black "Sutovskij, Emil"]
[Result "1-0"]
[WhiteElo "2615"]
[BlackElo "2595"]
[PlyCount "77"]
[EventDate "1998.??.??"]
[Source "ChessBase"]
[SourceDate "1998.02.01"]

1. d4 Nf6 2. Nf3 g6 3. Bf4 Bg7 4. e3 d6 5. h3 c5 6. c3 Qb6 7. Qb3 Be6 8. Qxb6 axb6 9. a3 c4 10. Nbd2 d5 11. g4 h5 12. g5 Nfd7 13. Bg2 Nc6 14. e4 b5 15. O-O Nb6 16. Rfe1 O-O 17. Nh4 dxe4 18. Nxe4 Nd5 19. Bg3 Rfd8 20. Rad1 Kh7 21. Nd2 Bc8 22. Nf1 Bf8 23. Kh2 Ra7 24. Be4 e6 25. Ne3 Be7 26. Nf3 b6 27. Rd2 Bd6 28. Bxd6 Rxd6 29. Ne5 Nd8 30. Kg3 Kg7 31. Bxd5 exd5 32. f4 f6 33. gxf6+ Kxf6 34. Rg1 Rg7 35. Rdg2 Ne6 36. Kh2 Nxf4 37. Rf2 g5 38. h4 Ke7 39. Rxf4 1-0

[Event "Wch"]
[Site "?"]
[Date "1991.??.??"]
[Round "8"]
[White "Kamsky, Gata"]
[Black "Wolff, Patrick G"]
[Result "1-0"]
[WhiteElo "2640"]
[BlackElo "2520"]
[PlyCount "69"]
[EventDate "1991.??.??"]
[Source "www.chesslib.no"]
[SourceDate "2004.05.04"]

1. d4 Nf6 2. Nf3 g6 3. Bf4 Bg7 4. e3 O-O 5. h3 c5 6. c3 cxd4 7. exd4 d6 8. Be2 Qb6 9. Qb3 Qxb3 10. axb3 Nc6 11. O-O e5 12. dxe5 Nd5 13. Bh2 dxe5 14. Rd1 Nb6 15. Nbd2 Be6 16. b4 f6 17. Ne4 Bd5 18. Nd6 Ne7 19. c4 Rfd8 20. c5 a6 21. Ra5 Kf8 22. g4 g5 23. b5 axb5 24. Rxb5 Na4 25. Rxd5 Nxd5 26. Nxb7 Rdb8 27. c6 Ne7 28. Nd4 exd4 29. Bxb8 Rxb8 30. c7 Rc8 31. Nd6 Rxc7 32. Rb8+ Nc8 33. Nxc8 f5 34. Nb6+ Kf7 35. Nxa4 1-0

[Event "54th ch-RUS, Elista RUS"]
[Site "?"]
[Date "2001.??.??"]
[Round "1"]
[White "Burmakin, V."]
[Black "Shipov, S."]
[Result "1/2-1/2"]
[WhiteElo "2520"]
[BlackElo "2640"]
[PlyCount "36"]
[EventDate "2001.??.??"]
[Source "www.chesslib.no"]
[SourceDate "2004.05.04"]

1. d4 Nf6 2. Nf3 g6 3. Bf4 Bg7 4. e3 O-O 5. Be2 c5 6. c3 b6 7. h3 Bb7 8. Nbd2 d6 9. O-O Nbd7 10. Bh2 Rc8 11. Qb3 Rc7 12. a4 a6 13. Rfd1 Qa8 14. Ne1 Rfc8 15. Bc4 Rf8 16. Be2 Rfc8 17. Bc4 Rf8 18. Be2 Rfc8 1/2-1/2

[Event "Moscow RUS"]
[Site "Moscow RUS"]
[Date "1979.??.??"]
[Round "?"]
[White "Polugaevsky, Lev A"]
[Black "Gufeld, Eduard E"]
[Result "0-1"]
[WhiteElo "2625"]
[BlackElo "2530"]
[PlyCount "92"]
[EventDate "1979.??.??"]
[Source "www.chesslib.no"]
[SourceDate "2004.05.04"]

1. d4 Nf6 2. Nf3 g6 3. Bf4 Bg7 4. e3 d6 5. h3 O-O 6. Be2 c5 7. Nbd2 cxd4 8. exd4 Nc6 9. O-O Bf5 10. c3 Rc8 11. Bh2 a6 12. a4 Re8 13. Nc4 d5 14. Nce5 Qb6 15. Ra2 Ne4 16. Nxc6 bxc6 17. a5 Qb7 18. g4 Bd7 19. Ne5 Bxe5 20. Bxe5 f6 21. Bh2 c5 22. f3 Ng5 23. h4 Nf7 24. Re1 Bb5 25. b3 cxd4 26. cxd4 Rc3 27. Kg2 e5 28. Bxb5 Qxb5 29. Rae2 Rd3 30. Rd2 Rxd2+ 31. Qxd2 Qxb3 32. Re3 Qb5 33. g5 Nd6 34. Re1 Nc4 35. Qf2 exd4 36. Rxe8+ Qxe8 37. gxf6 Ne3+ 38. Kg1 Qb5 39. Be5 Qb1+ 40. Kh2 Qf5 41. Bg3 Qc2 42. Qxc2 Nxc2 43. Be5 Kf7 44. Kg2 d3 45. Kf2 d2 46. Ke2 Ne3 0-1

[Event "TCh-RUS, Tomsk RUS"]
[Site "?"]
[Date "2001.??.??"]
[Round "6"]
[White "Malaniuk, V."]
[Black "Sakaev, K."]
[Result "1/2-1/2"]
[WhiteElo "2510"]
[BlackElo "2635"]
[PlyCount "24"]
[EventDate "2001.??.??"]
[Source "www.chesslib.no"]
[SourceDate "2004.05.04"]

1. d4 Nf6 2. Nf3 g6 3. Bf4 Bg7 4. e3 d6 5. Be2 O-O 6. O-O Nbd7 7. h3 c5 8. c3 b6 9. Nbd2 Bb7 10. Bh2 a6 11. a4 Ne4 12. Nxe4 Bxe4 1/2-1/2

[Event "Stockholm"]
[Site "Stockholm"]
[Date "1990.??.??"]
[Round "?"]
[White "Fedorowicz, John P"]
[Black "Shirov, Alexei"]
[Result "1/2-1/2"]
[WhiteElo "2565"]
[BlackElo "2580"]
[PlyCount "55"]
[EventDate "1990.??.??"]
[Source "ChessBase"]

1. d4 Nf6 2. Nf3 g6 3. Bf4 Bg7 4. e3 O-O 5. Be2 d6 6. O-O Nbd7 7. h3 Re8 8. Bh2 e5 9. c4 e4 10. Ne1 Nf8 11. Nc3 h5 12. Nc2 N8h7 13. b4 Ng5 14. Bf4 Nfh7 15. b5 Bf5 16. Nb4 a5 17. bxa6 bxa6 18. Bh2 c5 19. Nbd5 cxd4 20. exd4 Ne6 21. g4 Nxd4 22. gxf5 Nxf5 23. Rc1 Qh4 24. Kh1 Ng5 25. Qe1 Qxh3 26. Nf4 Qh4 27. Ng2 Qh3 28. Nf4 1/2-1/2

[Event "Mind Sports Games - Blitz Ind"]
[Site "Pechino CINA"]
[Date "2008.10.04"]
[Round "11"]
[White "Zhang Zhong"]
[Black "Nolte, R."]
[Result "1-0"]
[WhiteElo "2649"]
[BlackElo "2489"]
[PlyCount "123"]
[EventDate "2008.10.04"]
[Source "www.chesslib.no"]
[SourceDate "2004.05.04"]

1. d4 Nf6 2. Nf3 g6 3. Bf4 Bg7 4. e3 O-O 5. h3 d6 6. Be2 Nbd7 7. Bh2 Qe8 8. O-O e5 9. c4 Qe7 10. Nc3 e4 11. Nd2 Re8 12. Qc2 Nf8 13. Rae1 h5 14. f3 Bh6 15. f4 Bf5 16. Bg3 Bg7 17. Bh4 Qd7 18. Bxf6 Bxf6 19. Ndxe4 Bg7 20. Bd3 c6 21. Kh2 h4 22. Ng5 Bxd3 23. Qxd3 Nh7 24. Nf3 Qd8 25. f5 g5 26. Nd1 d5 27. Nf2 Qd6+ 28. Kh1 Rad8 29. Ng4 f6 30. c5 Qc7 31. b4 a6 32. Nd2 Qd7 33. Nb3 Kh8 34. a4 Re7 35. e4 dxe4 36. Rxe4 Rxe4 37. Qxe4 Re8 38. Qf3 Qf7 39. d5 cxd5 40. Nd4 Nf8 41. b5 Re4 42. Qc3 Qc7 43. c6 bxc6 44. bxc6 Rxd4 45. Qxd4 Qxc6 46. Rd1 Qd7 47. Qxd5 Qxa4 48. Re1 Qb5 49. Qxb5 axb5 50. Rb1 Kg8 51. Rxb5 Kf7 52. Rb7+ Kg8 53. Kg1 Nh7 54. Kf2 Kf8 55. Kf3 Kg8 56. Ke4 Nf8 57. Kd5 Kh8 58. Kd6 Kg8 59. Ke7 Nh7 60. Rb8+ Bf8+ 61. Ke6 Kg7 62. Rb7+ 1-0

[Event "USA (ch)"]
[Site "?"]
[Date "1991.??.??"]
[Round "?"]
[White "Kamsky, G."]
[Black "Benjamin, Joel"]
[Result "0-1"]
[WhiteElo "2595"]
[BlackElo "2540"]
[PlyCount "86"]
[EventDate "1991.??.??"]
[Source "ChessBase"]
[SourceDate "1991.06.01"]

1. d4 Nf6 2. Nf3 g6 3. Bf4 Bg7 4. e3 d6 5. h3 c5 6. c3 cxd4 7. exd4 O-O 8. Be2 Be6 9. O-O Qb6 10. Qc1 Nc6 11. Re1 Rac8 12. Na3 Bd5 13. Nc2 Be4 14. Bd1 Rfe8 15. Ng5 Bd5 16. Bf3 e5 17. dxe5 dxe5 18. Be3 Qc7 19. Bxd5 Nxd5 20. Rd1 Rcd8 21. Nf3 e4 22. Nfe1 Ne5 23. Bh6 Nxc3 24. Rxd8 Ne2+ 25. Kh1 Rxd8 26. Qe3 Bxh6 27. Qxh6 Qb6 28. Ne3 Qxb2 29. N1c2 Nd3 30. Qh4 Rd6 31. Rf1 Qf6 32. Qxf6 Rxf6 33. Ng4 Rc6 34. Nge3 f5 35. g3 g5 36. Na3 f4 37. gxf4 gxf4 38. Nd5 Kf7 39. Nb5 a6 40. Na7 Rh6 41. Kh2 Rh5 42. Nb6 f3 43. Nc4 Ndf4 0-1

[Event "Synthesia Rapid Open"]
[Site "Pardubice CEC"]
[Date "2007.07.19"]
[Round "8"]
[White "Grachev, B."]
[Black "Korobov, A."]
[Result "0-1"]
[WhiteElo "2601"]
[BlackElo "2530"]
[PlyCount "126"]
[EventDate "2007.07.18"]
[Source "www.chesslib.no"]
[SourceDate "2004.05.04"]

1. d4 Nf6 2. Nf3 g6 3. Bf4 Bg7 4. h3 O-O 5. e3 d6 6. Be2 c5 7. c3 b6 8. O-O Bb7 9. Nbd2 Nc6 10. Bh2 Qd7 11. a4 Rfd8 12. Nc4 Rac8 13. Qb3 Ne4 14. Rfd1 d5 15. Nce5 Na5 16. Qa3 Qf5 17. Nd3 c4 18. Nf4 Qd7 19. Ne5 Qe8 20. Bg4 f5 21. Bf3 e6 22. Re1 Nc6 23. Nxc6 Bxc6 24. Bxe4 dxe4 25. Ne2 Bd5 26. a5 Bf8 27. Qa2 b5 28. a6 g5 29. Qb1 Bd6 30. Be5 Rc7 31. Qd1 Rg7 32. Bxg7 Kxg7 33. Ng3 Kh6 34. Ra5 Rb8 35. Qe2 Bc7 36. Raa1 Qg6 37. Nf1 Rg8 38. b4 f4 39. Qg4 e5 40. Qd7 Qc6 41. Qxc6+ Bxc6 42. Rad1 Rd8 43. Nh2 Kg6 44. Kf1 h5 45. Ke2 Kf5 46. g4+ Ke6 47. gxh5 f3+ 48. Kd2 exd4 49. Ng4 dxe3+ 50. Kc2 Rxd1 51. Rxd1 e2 52. Rg1 Bf4 53. h6 Kf7 54. h4 e3 55. fxe3 Bxe3 56. h7 Be4+ 57. Kb2 Bxh7 58. Re1 Bd2 59. Ne5+ Ke6 60. Nxf3 Bxe1 61. Nxe1 gxh4 62. Kc1 Be4 63. Kd2 h3 0-1

[Event "Paris FRA"]
[Site "?"]
[Date "2004.07.10"]
[Round "8"]
[White "Apicella Manuel"]
[Black "Kazhgaleyev Murtas"]
[Result "0-1"]
[WhiteElo "2532"]
[BlackElo "2598"]
[PlyCount "88"]
[EventDate "2004.??.??"]
[Source "www.chesslib.no"]
[SourceDate "2004.05.04"]

1. d4 Nf6 2. Nf3 g6 3. Bf4 Bg7 4. e3 O-O 5. Be2 d6 6. h3 c5 7. c3 Be6 8. O-O Qb6 9. Qc2 Nc6 10. Ng5 cxd4 11. exd4 Bf5 12. Qb3 e5 13. Qxb6 axb6 14. dxe5 dxe5 15. Bh2 Rfd8 16. Bc4 Rd7 17. Na3 h6 18. Nxf7 Rxf7 19. Rfe1 Kf8 20. g4 Be4 21. Bxf7 Kxf7 22. Nc4 Rd8 23. Nxe5+ Nxe5 24. Bxe5 Bf3 25. Bd4 h5 26. gxh5 Nxh5 27. Bxb6 Rd5 28. h4 Bh6 29. Be3 Bf8 30. a4 Ng7 31. a5 Rh5 32. Ra4 Bc6 33. Rc4 Rxa5 34. b4 Rh5 35. Ra1 Be7 36. Ra5 Nf5 37. b5 Bd5 38. Rf4 Bd6 39. b6 Bxf4 40. Rxd5 Nxe3 41. Rd7+ Ke6 42. Rxb7 Nc4 43. Rg7 Kf6 44. Rg8 Nxb6 0-1

[Event "2.Bundesliga Mitte 04/05"]
[Site "AUT"]
[Date "2004.10.17"]
[Round "2.25"]
[White "Bunzmann, Dimitrij"]
[Black "Glek, Igor"]
[Result "0-1"]
[WhiteElo "2544"]
[BlackElo "2578"]
[PlyCount "112"]
[EventDate "2004.10.16"]
[Source "Roberto Alvarez"]
[SourceDate "2004.11.15"]

1. d4 g6 2. Nf3 Nf6 3. Bf4 d6 4. e3 Nh5 5. Bg5 h6 6. Bh4 g5 7. Nfd2 Ng7 8. Bg3 Nf5 9. Bd3 Bg7 10. O-O h5 11. h3 g4 12. hxg4 Nxg3 13. fxg3 hxg4 14. Qe2 Nc6 15. Qf2 O-O 16. Nc3 f5 17. Bc4+ Kh7 18. d5 Ne5 19. Bb3 c6 20. Kh2 Rf6 21. Rh1 Rh6+ 22. Kg1 Rxh1+ 23. Kxh1 Bd7 24. Kh2 Qb6 25. Ne2 Rh8 26. Nf4 Kg8+ 27. Kg1 c5 28. c3 Rh6 29. Rf1 Qd8 30. Ne6 Bxe6 31. dxe6 Rf6 32. Bd5 b5 33. Qe2 c4 34. a4 a6 35. axb5 axb5 36. b3 Qa5 37. Rc1 Nd3 38. Rb1 Qxc3 39. bxc4 Bh6 40. Nf1 bxc4 41. Rb8+ Rf8 42. Rb7 Nc1 43. Qf2 Qd3 44. Bc6 Ne2+ 45. Kh1 Bg5 46. Rb2 Nc3 47. Qe1 Qd1 48. Qxd1 Nxd1 49. Re2 Rc8 50. Bd7 Ra8 51. e4 Ra1 52. Kh2 Nc3 53. Rf2 Nxe4 54. Rxf5 c3 55. Rxg5+ Nxg5 56. Ne3 Ra2 0-1

[Event "ch-Euro Blitz"]
[Site "Ajaccio FRA"]
[Date "2007.10.26"]
[Round "27"]
[White "Prie, E."]
[Black "Mikhalevski, V."]
[Result "0-1"]
[WhiteElo "2532"]
[BlackElo "2584"]
[PlyCount "31"]
[EventDate "2007.10.25"]
[Source "www.chesslib.no"]
[SourceDate "2004.05.04"]

1. d4 Nf6 2. Nf3 g6 3. Bf4 Bg7 4. Nc3 d5 5. Qd2 O-O 6. Bh6 Ne4 7. Bxg7 Kxg7 8. Ng5 f5 9. e3 a5 10. Be2 Nc6 11. Bf3 e5 12. Ngxe4 dxe4 13. Rd1 Kf6 14. a4 Re8 15. dxe5+ Kxe5 16. Qd6+ 0-1

[Event "France"]
[Site "?"]
[Date "2000.??.??"]
[Round "?"]
[White "Illescas Cordoba, M."]
[Black "Nataf, I._A."]
[Result "1/2-1/2"]
[WhiteElo "2580"]
[BlackElo "2525"]
[PlyCount "82"]
[EventDate "2000.??.??"]
[Source "Chess Informant"]
[SourceDate "2000.02.01"]

1. Nf3 Nf6 2. d4 g6 3. Bf4 Bg7 4. e3 O-O 5. Be2 c5 6. Nbd2 d6 7. c3 Nc6 8. O-O Re8 9. dxc5 dxc5 10. e4 Nh5 11. Be3 b6 12. Re1 Qc7 13. a4 Rd8 14. Qc2 h6 15. Bf1 Rb8 16. Nc4 Be6 17. Red1 Rxd1 18. Rxd1 Bg4 19. Be2 Nf4 20. Bxf4 Qxf4 21. Ne3 Bxf3 22. Bxf3 e6 23. Be2 Qc7 24. Bb5 Rd8 25. Rxd8+ Nxd8 26. Qd1 Nb7 27. Nc4 Bf6 28. g3 Qd8 29. Qxd8+ Bxd8 30. Ne5 Bc7 31. Nc6 a5 32. Kf1 Kf8 33. Ke2 Nd8 34. Na7 f5 35. Kd3 Nf7 36. f4 g5 37. e5 h5 38. Bd7 Bxe5 39. Bxe6 gxf4 40. gxf4 Bxf4 41. h3 Nd6 1/2-1/2

[Event "Hamburg SKA"]
[Site "Hamburg"]
[Date "1991.??.??"]
[Round "?"]
[White "Lobron, Eric"]
[Black "Wahls, Matthias"]
[Result "0-1"]
[WhiteElo "2545"]
[BlackElo "2560"]
[PlyCount "68"]
[EventDate "1991.06.??"]
[Source "ChessBase"]

1. Nf3 Nf6 2. d4 g6 3. Bf4 Bg7 4. e3 c5 5. c3 b6 6. a4 O-O 7. Nbd2 Ba6 8. Bb5 d6 9. Qb3 Bb7 10. h3 Nc6 11. O-O a6 12. Be2 e5 13. Bh2 cxd4 14. cxd4 exd4 15. Nxd4 Nxd4 16. exd4 Re8 17. Bf3 d5 18. a5 Ne4 19. Rad1 b5 20. Nxe4 dxe4 21. Be2 Bd5 22. Qb4 Rc8 23. Qd2 Bb3 24. Rc1 Qxd4 25. Qf4 Rxc1 26. Qxc1 e3 27. Bg3 exf2+ 28. Bxf2 Qxb2 29. Bf3 Bc4 30. Rd1 Qxc1 31. Rxc1 Bh6 32. Rb1 Bd2 33. Bb6 Re1+ 34. Rxe1 Bxe1 0-1

[Event "Zlatibor"]
[Site "?"]
[Date "2006.08.26"]
[Round "1"]
[White "Abramovic Bosko"]
[Black "Tseshkovsky Vitaly"]
[Result "1/2-1/2"]
[WhiteElo "2515"]
[BlackElo "2576"]
[PlyCount "100"]
[EventDate "2006.??.??"]
[Source "www.chesslib.no"]
[SourceDate "2004.05.04"]

1. d4 Nf6 2. Nf3 g6 3. Bf4 Bg7 4. e3 O-O 5. Be2 d6 6. h3 c5 7. c3 b6 8. O-O Bb7 9. Nbd2 Nbd7 10. Re1 a6 11. a4 Qb8 12. Kh2 Ra7 13. Bd3 Ne8 14. Qe2 Nc7 15. e4 cxd4 16. cxd4 Ne6 17. Qe3 Qa8 18. Rac1 Rc8 19. b4 d5 20. e5 Rxc1 21. Rxc1 Bc6 22. Bc2 Rc7 23. Bb3 Qc8 24. Nb1 Bb7 25. Rxc7 Nxc7 26. Ne1 e6 27. Kg1 Ne8 28. Nc2 Nb8 29. Qc3 Qxc3 30. Nxc3 Nc6 31. Ne2 f6 32. exf6 Bxf6 33. f3 Kf7 34. Kf2 Be7 35. Bd2 Nd6 36. Bc3 h5 37. g4 Bh4+ 38. Ke3 Nc4+ 39. Bxc4 dxc4 40. Na3 Ne7 41. Nxc4 Nd5+ 42. Kd3 Be7 43. b5 axb5 44. axb5 hxg4 45. hxg4 Nc7 46. Ne5+ Ke8 47. Nf4 g5 48. Nh5 Bd5 49. f4 gxf4 50. Nxf4 Nxb5 1/2-1/2